LEADER 00818nam a2200205 4500 001 000000346123 003 CaOOAMICUS 005 20210520144449.0 008 210520s1922 it 000 u ita r 040 $aSeMil$bita 100 1 $aMignosi, Pietro,$d<1895-1937>.$0(OLS)http://semarc/name/5967 245 12$aL'assurdo democratico / $cPietro Mignosi. 264 1$aMessina ; Caltanissetta :$bSicania,$c1922. 300 $a69 p. ;$c25 cm 650 4$aPartito Popolare Italiano <1919-1926>.$0(OLS)http://semarc/subject/3865 850 $aSeMil 852 $aSeMil$W1$xVenegono$y1$m5A III 7/13$j226396$B237173$CSeMilBibl$Z2$F237173 $81 996 $6245$aL'assurdo democratico / $9(OLS)http://semarc/title/435335 996 $6264$aMessina ; Caltanissetta :$bSicania$9(OLS)http://semarc/publisher/33448 LEADER 01630nas a2200289 i 4500 001 000000233844 003 CaOOAMICUS 005 20150113000000.0 008 140926b2014 fr uu u0 0fre r 013 $a212747 040 $aSeMil$bita 245 12$aL'amplitude de la reconnaissance /$csous la direction d'Olivier Abel et Alain Thomasset ; avec la collaboration de Guilhem Causse et Nicola Stricker. 260 $aParis :$bLes Éditions du Cerf,$c2014. 300 $a217 p. ;$c21 cm. 500 $aAtti dell'incontro ATEM, Association des théologiens pour l'ètude de la morale, Paris, 2-4 settembre 2013. - Titolo e formulazioni di responsabilità dalla copertina. - In copertina : Publié avec le concours du Centre National du Livre. - Contiene : Résumés et abstracts [in francese e in inglese]. 700 1 $aATEM : Colloque «L'amplitude de la reconnaissance» <2013 ; Paris>.$0(OLS)http://semarc/name/80191 700 1 $aStricker, Nicola.$0(OLS)http://semarc/name/80193 700 1 $aCausse, Guilhem .$0(OLS)http://semarc/name/80192 700 1 $aAbel, Olivier.$0(OLS)http://semarc/name/20277 700 1 $aThomasset, Alain,$c.$0(OLS)http://semarc/name/90603 710 2 $aCentre National du Livre .$0(OLS)http://semarc/name/1914 774 0 $t[vedi periodico].$w()281666 850 $aSeMil 852 $aSeMil$W1$xVenegono$y1$m195 2 107$j184190$B184190$CSeMilBibl$Z2$F198970 $85 961 $aSottoscrizione: SODIS 996 $6245$aL'amplitude de la reconnaissance$9(OLS)http://semarc/title/333779 996 $6260$aParis :$bLes Éditions du Cerf$9(OLS)http://semarc/publisher/29611